000
00167nam a22000857a 4500
082
_a
823
100
_a
KIRAN
245
_a
SRI RAMA'S MORAL STORY BOOK STEP XII
942
_c
BK
999
_c
8093
_d
8093